• 首页
  • 本馆介绍
  • 公告通知
  • 最新文献
  • 馆藏检索
  • 电子资源
  • 读者导购
  • 参考咨询
  • 我的图书馆
  • 登录
  • 详细信息显示
  • 放入我的书架
  • 预约/预借图书
  • 作者相关作品
  • 分类相关作品
  • 丛书相关作品
  • 出版社相关作品

书目信息

  • 表格格式
  • 工作单格式
  • 卡片格式
题名:
大学生体育考试与达标
    
 
作者: 毛振明 , 顾美蓉 主编
分册:  
出版信息: 北京   人民体育出版社  1997
页数: 332页
开本: 19cm
丛书名:
单 册:
中图分类: G807.4
科图分类:
主题词: 大学生--体育锻炼标准--教学参考资料 , 体育--高等学校--教学参考资料
电子资源:
ISBN: 7-5009-1440-7
000 00688nam0 2200217 45
001 0401300397
005 20040130033936.5
010    @a7-5009-1440-7@dCNY14.00
100    @a20040130d1997 km y0chiy0120 ea
101 0  @achi
105    @aa z 000yy
200 1  @a大学生体育考试与达标@ADa Xue Sheng Ti Yu Kao Shi Yu Da Biao@f毛振明,顾美蓉主编@FMao Zhen Ming,Gu Mei Rong Zhu Bian
210    @a北京@c人民体育出版社@d1997
215    @a332页@c图@d19cm
606 0  @a大学生@x体育锻炼标准@x教学参考资料
606 0  @a体育@x高等学校@x教学参考资料
690    @aG807.4@v4
701    @a毛振明@4主编
701  0 @a顾美蓉@4主编
801    @aCN@bTSTCL@c20040130
905    @b333091-095@dG807.4@e132@f5
    
    大学生体育考试与达标/毛振明,顾美蓉主编.-北京:人民体育出版社,1997
    332页:图;19cm
    
    
    ISBN 7-5009-1440-7:CNY14.00
    
●
相关链接 在E读中查询图书 在五车中查询图书 在当当中查询图书 在豆瓣中查询图书


正题名:大学生体育考试与达标     索取号:G807.4/132         预约/预借

序号 登录号 条形码 馆藏地/架位号 状态 备注
1 0333091   203330911   第四借阅区/ [索取号:G807.4/132] 在馆    
2 0333092   203330920   第四借阅区/ [索取号:G807.4/132] 在馆    
3 0333093   203330939   第四借阅区/ [索取号:G807.4/132] 在馆    
4 0333094   203330948   第四借阅区/ [索取号:G807.4/132] 在馆    
5 0333095   203330957   第一样本阅览室/ [索取号:G807.4/132] 在馆    
唐山师范学院图书馆 欢迎您!
大连网信软件有限公司© 版权所有